Ethylene : Agricultural sources and applications. (Record no. 42111)

MARC details
000 -LEADER
fixed length control field 00379nam a2200133Ia 4500
020 ## - INTERNATIONAL STANDARD BOOK NUMBER
ISBN 030646666X
082 ## - DEWEY DECIMAL CLASSIFICATION NUMBER
Classification number 57.1:547.313.2
Item number ARS
245 #0 - TITLE STATEMENT
Title Ethylene : Agricultural sources and applications.
260 ## - PUBLICATION, DISTRIBUTION, ETC. (IMPRINT)
Place of publication New York
Name of publisher Kluwer Academic
Year of publication 2002
700 ## - ADDED ENTRY--PERSONAL NAME
Personal name Arshad, Muhammad
700 ## - ADDED ENTRY--PERSONAL NAME
Personal name Frankenberger, William T
942 ## - ADDED ENTRY ELEMENTS (KOHA)
Koha item type Books
Holdings
Withdrawn status Lost status Damaged status Not for loan Home library Current library Date acquired Cost, normal purchase price Full call number Accession Number Koha item type
        RRII Library RRII Library 16/12/2021 158.00 57.1:547.313.2 ARS 22388 Books